Rupture et reconstruction: les communautés de despazados en Colombie /
Spremljeno u:
| Glavni autor: | |
|---|---|
| Format: | Tekst |
| Teme: | |
| Oznake: |
Dodaj oznaku
Bez oznaka, Budi prvi tko označuje ovaj zapis!
|
MARC
| LEADER | 00000 a a2200000 04500 | ||
|---|---|---|---|
| 001 | 8981 | ||
| 003 | |||
| 040 | |||
| 100 | |a Osorio, Flor Edilma | ||
| 245 | |a Rupture et reconstruction: |b les communautés de despazados en Colombie / |c Flor Edilma Osorio | ||
| 650 | |a GUERRA | ||
| 650 | |a VIOLENCIA | ||
| 650 | |a PERSONAS DESPLAZADAS | ||
| 650 | |a IDENTIDAD SOCIAL | ||
| 650 | |a COLOMBIA | ||
| 773 | |g número 187; páginas 35-45 | ||
| 999 | |c 33104 |d 33104 | ||
